Music Quiz

Random Music or Famous Quiz

Music Families Quiz Stats

 Plays Quiz Updated Nov 17, 2018

     
Support Sporcle.
Go Orange.
Score 0/26 Timer 07:00
1 Play Today
First Names Name % Correct
Billy Ray & MileyCyrus
92%
Nat King & NatalieCole
90.5%
Michael and JanetJackson
90.1%
Jessica & AshleeSimpson
88.1%
Kevin, Joe, & NickJonas
79.6%
Donny and MarieOsmond
78.2%
Frank & NancySinatra
76.6%
Bob and ZiggyMarley
75.4%
Julio & EnriqueIglesias
68.3%
Isaac, Taylor, & ZacHanson
59.1%
Naomi and WynonnaJudd
58.6%
John, Julian & SeanLennon
57.2%
Brian, Wendy & CarnieWilson
55.2%
First Names Name % Correct
Frank and DweezilZappa
54.8%
Johnny & RosanneCash
54.3%
Bob & JakobDylan
53.3%
Barry & AndyGibb
52.8%
Woody & ArloGuthrie
52.2%
Karen & RichardCarpenter
51.2%
Pat & DebbyBoone
45%
Alex & EddieVan Halen
43.5%
Ricky, Gunnar & MatthewNelson
35.7%
Wynton & BranfordMarsalis
34.7%
Phil & DonEverly
26.8%
Barbara, Louise & IrleneMandrell
26.7%
Art & AaronNeville
21%

From the Vault

Trivia Grid Blitz - US States III

by goc3

We're dividing up the US into a grid, but not by latitude & longitude.
Remove Ads.
Support Sporcle.
Get the best of Sporcle when you Go Orange. This ad-free experience offers more features, more stats, and more fun while also helping to support Sporcle. Thank you for becoming a member.

Show Comments

Extras

Top Quizzes Today


Score Distribution

Your Account Isn't Verified!

In order to create a playlist on Sporcle, you need to verify the email address you used during registration. Go to your Sporcle Settings to finish the process.

Report this User

Report this user for behavior that violates our Community Guidelines.

Details: